Rozpoznaj kluby piłkarskie po herbie [poziom łatwy] #1 - Statystyki

Ogólne statystyki
  • Ten quiz został rozwiązany 1 945 razy
  • Średni wynik to 15 z 16
Statystyki odpowiedzi
Obrazkowy Odpowiedź % Poprawnych
FC Barcelona
100%
Real Madryt
100%
Legia Warszawa
99%
Borussia Dortmund
98%
AC Milan
97%
Juventus Turyn
97%
Lech Poznań
97%
Paris Saint Germain
97%
Jagiellonia Białystok
93%
Bayer Leverkusen
92%
Inter Mediolan
92%
AS Roma
91%
Aston Villa
91%
Atletico Madryt
90%
ŁKS Łódź
86%
AC Fiorentina
80%
Nie znaleziono quizów pasujących do podanych kryteriów
Rozkład punktacji
Procent ludzi z każdym wynikiem
Percentyl według liczby udzielonych odpowiedzi
Twoja historia wyników
Nie rozwiązałeś tego quizu